000 00778nam a2200205 a 4500
001 000039961
005 20201002033832.0
008 130731s1927 sp 000 0 spa d
040 _aDO-SdBNP
_bspa
_cBNPHU
082 _axxx
_bC568ó
100 1 _aCicerón, Marco Tulio,
_d106 a.C.-43 a.C.
_943750
245 1 0 _aObras completas de Marco Tulio Cicerón /
_cMarco Tulio Ciceroón ; versión castellana de Francisco Navarro y Calvo.
260 _aMadrid :
_bLibrería y Casa Editorial Hernando,
_c1927.
300 _av. ;
_c18 cm.
490 1 _aBiblioteca clásica
_v9
504 _aIncluye referencias bibliográficas y notas al pie de las páginas
505 0 _gt. 9
_gCartas políticas
700 1 2 _aNavarro y Calvo, Francisco
_941477
830 0 _aBiblioteca clásica
_n9
_966177
999 _c39451
_d39451